| 000 | 00922nam a2200265Ia 4500 | ||
|---|---|---|---|
| 003 | OSt | ||
| 005 | 20221005111658.0 | ||
| 006 | a|||||r|||| 00| 0 | ||
| 007 | ta | ||
| 008 | 221004b |||||||| |||| 00| 0 hin d | ||
| 024 | _a32726 | ||
| 037 | _cTextual | ||
| 040 |
_aCRL _cCRL _bhin |
||
| 041 |
_2hin _ahin |
||
| 082 | _aO152,1J3x, L6 | ||
| 100 | _aचतुर्वेदी, परशुराम | ||
| 245 | 0 | _aमीराबाई की पदावली | |
| 246 | _aMīrābāī kī padāvalī | ||
| 260 |
_aप्रयाग _bहिन्दी साहित्य सम्मेलन भारत _c1976 |
||
| 300 |
_a260पृ. _ccm. |
||
| 490 | _aसुलभ साहित्य माला | ||
| 650 | _aहिन्दी कविता | ||
| 942 |
_hO152,1J3x, L6 _cTEXL _2cc |
||
| 999 |
_c1022561 _d1022561 |
||